000 00971nam a2200337 b 4500
001 00965711
003 DO-SdBNP
005 20180223151217.0
007 00965711
008 980813s 1985 sp a ||| ||spa
016 7 _a
_2BPMSU
017 _a
_b
020 _a 8473740246
035 _a
040 _aBPMSU
_bspa
_cBPMSU
_e
080 0 _a
080 0 _a
080 0 _a
100 1 _aTarsky, Sue
245 1 0 _aLa senda de la naturaleza :
_b flores silvestres /
_h
_cSue Tarsky ; Adaptado por Antonio Zoria García ; ilustraciones David Ashby...[y otros]
260 _aMadrid :
_bPlesa,
_bSM,
_c1985.
300 _a39 p. :
_bil. ;
_c28 cm
490 0 _aLa Senda de la naturaleza
500 _aIncluye índice
700 1 _aZoria García, Antonio
_d
_eadap.
700 1 _aAshby, David
_eil.
830 _aLa Senda de la naturaleza
942 _2ddc
_cBK
945 _aInventariado, 2018/ YL
956 _2VMATEO
_310
_620160414
_8BPMSU
_a0069
999 _c9783
_d9783